Common Birds of Quebec - Statistics

General Stats
  • This quiz has been taken 54 times
  • The average score is 68 of 103
Answer Stats
Picture Answer % Correct
Mallard
95%
Blue Jay
90%
Northern Cardinal
90%
American Robin
87%
Canada goose
87%
Red-winged Blackbird
87%
Snowy owl
87%
Great blue heron
85%
Turkey vulture
85%
Black-capped Chickadee
82%
Common loon
82%
European Starling
82%
Great horned owl
82%
Red-tailed Hawk
82%
Rock pigeon
82%
American Crow
79%
American Kestrel
79%
Great Egret
79%
Mourning dove
79%
Osprey
79%
Wild turkey
79%
Wood duck
79%
Baltimore Oriole
77%
Barred owl
77%
Killdeer
77%
American Goldfinch
74%
Brown Creeper
74%
Downy Woodpecker
74%
Tree Swallow
74%
American coot
72%
American woodcock
72%
Atlantic puffin
72%
Barn Swallow
72%
Cedar Waxwing
72%
Common Grackle
72%
Cooper's hawk
72%
Green Heron
72%
House Finch
72%
House Sparrow
72%
Merlin
72%
Pileated Woodpecker
72%
Ruby-throated Hummingbird
72%
Belted Kingfisher
69%
Common tern
69%
Eastern Bluebird
69%
Gray Catbird
69%
Northern Flicker
69%
Northern saw-whet owl
69%
Ring-billed gull
69%
Scarlet Tanager
69%
White-breasted Nuthatch
69%
Yellow Warbler
69%
Herring gull
67%
Sandhill crane
67%
Brown-headed Cowbird
64%
Dark-eyed Junco
64%
Double-crested cormorant
64%
House Wren
64%
Purple Martin
64%
Black-and-white Warbler
62%
Common merganser
62%
Eastern Phoebe
62%
Indigo Bunting
62%
Red-eyed Vireo
62%
Snow Bunting
62%
Song Sparrow
62%
Yellow-bellied Sapsucker
62%
Chimney Swift
59%
Chipping Sparrow
59%
Common Yellowthroat
59%
Magnolia Warbler
59%
Northern Mockingbird
59%
Virginia rail
59%
White-crowned Sparrow
59%
Common goldeneye
56%
Common Redpoll
56%
Eastern Kingbird
56%
Harlequin duck
56%
Horned lark
56%
Northern Shrike
56%
Pied-billed grebe
56%
Spotted sandpiper
56%
Black-crowned night-heron
54%
Hermit Thrush
54%
Northern gannet
54%
Ruby-crowned Kinglet
54%
White-throated Sparrow
54%
Yellow-rumped Warbler
54%
Black-billed cuckoo
51%
Common murre
51%
Evening Grosbeak
51%
Fox Sparrow
51%
Great black-backed gull
51%
Green-winged teal
51%
American Tree Sparrow
49%
Common nighthawk
49%
Pine Siskin
46%
Ruffed grouse
46%
Swamp Sparrow
46%
Canada Jay
44%
Pine Grosbeak
44%
White-winged Crossbill
38%
Bonaparte's gull
33%
No matching quizzes found
Score Distribution
Percent of People with Each Score
Percentile by Number Answered
Your Score History
You have not taken this quiz